[Event "Open A"]
[Site "Cortina d'Ampezzo"]
[Date "2005.07.15"]
[Round "7.8"]
[White "Alberton, Roberto"]
[Black "Vezzosi, Paolo"]
[Result "1/2-1/2"]
[WhiteElo "2108"]
[BlackElo "2380"]
[PlyCount "81"]
[EventDate "2005.07.10"]
[EventType "swiss"]
[EventRounds "9"]
[EventCountry "ITA"]

1. d4 Nf6 2. c4 e6 3. Nc3 Bb4 4. e3 b6 5. Nf3 Bb7 6. Bd3 O-O 7. O-O c5 8. a3 Bxc3 9. bxc3 d6 10. Re1 Be4 11. Be2 Qc7 12. Nd2 Bb7 13. f3 Nc6 14. Bb2 Rfe8 15. e4 Na5 16. Bd3 e5 17. d5 Ba6 18. Qe2 Nh5 19. g3 g6 20. Nf1 Kh8 21. Ne3 Rf8 22. Rf1 Rae8 23. Rae1 Qd7 24. Qc2 Re7 25. Rf2 Qe8 26. Bc1 Bc8 27. f4 Bd7 28. fxe5 Rxe5 29. Ng2 Ba4 30. Qe2 f6 31. g4 Ng7 32. Bf4 Bb3 33. Bxe5 Qxe5 34. g5 Qxg5 35. e5 dxe5 36. Qxe5 Qxe5 37. Rxe5 Bxc4 38. Bxc4 Nxc4 39. Re7 a5 40. Ne3 Nd6 41. a4 1/2-1/2

[Event "Open A"]
[Site "Cortina d'Ampezzo"]
[Date "2005.07.15"]
[Round "7.15"]
[White "Marta, Daniele"]
[Black "Melotti, Dario Valerio"]
[Result "1/2-1/2"]
[WhiteElo "2024"]
[BlackElo "2093"]
[Annotator "Ballarin,Gabriele"]
[PlyCount "72"]
[EventDate "2005.07.10"]
[EventType "swiss"]
[EventRounds "9"]
[EventCountry "ITA"]

1. d4 Nf6 2. c4 g6 3. Nc3 Bg7 4. e4 d6 5. Nf3 O-O 6. Be2 e5 7. d5 Nbd7 8. Bg5 h6 9. Bh4 a6 10. Nd2 Qe8 11. b4 Nh7 12. f3 f5 13. O-O g5 14. Bf2 f4 15. c5 Ndf6 16. cxd6 Qh5 17. Nc4 g4 18. dxc7 Ng5 19. Nd6 gxf3 20. Bxf3 Bg4 21. Bc5 Kh7 22. c8=Q Raxc8 23. Nxc8 Rxc8 24. Rc1 Rg8 25. Kh1 Bh8 26. Be7 Bxf3 27. Rxf3 Nxf3 28. Qxf3 Qf7 29. Bxf6 Bxf6 30. Qh3 Be7 31. Qe6 Qg7 32. Qf5+ Kh8 33. Qh3 Bxb4 34. Ne2 a5 35. Rc8 Rxc8 36. Qxc8+ Kh7 {=} 1/2-1/2

[Event "Open A"]
[Site "Cortina d'Ampezzo"]
[Date "2005.07.15"]
[Round "7.14"]
[White "Navarro, Stefano"]
[Black "Mercandelli, Claudio"]
[Result "1-0"]
[WhiteElo "2209"]
[BlackElo "2105"]
[PlyCount "97"]
[EventDate "2005.07.10"]
[EventType "swiss"]
[EventRounds "9"]
[EventCountry "ITA"]

1. e4 Nc6 2. d4 d5 3. e5 Bf5 4. Nf3 Qd7 5. c3 f6 6. Bb5 a6 7. Ba4 b5 8. Bb3 fxe5 9. dxe5 e6 10. a4 b4 11. O-O Na5 12. Bc2 Bxc2 13. Qxc2 b3 14. Qd3 Ne7 15. Nbd2 Nc8 16. Ng5 g6 17. Qh3 Ke7 18. Qf3 Ke8 19. c4 Nb6 20. cxd5 Nxd5 21. Nxb3 Nxb3 22. Qxb3 Bc5 23. Ne4 Be7 24. Bg5 Bxg5 25. Nxg5 h6 26. Ne4 Kf7 27. Rad1 c6 28. Nc5 Qe7 29. Qc4 a5 30. Ne4 Kg7 31. Nd6 Rhb8 32. Qxc6 Ra7 33. Nb5 Rab7 34. Qc1 Qb4 35. Qc2 Qg4 36. h3 Qg5 37. Qe4 Qf5 38. Qxf5 gxf5 39. Rc1 Kh7 40. Rc6 Rg8 41. Kh2 Rbg7 42. Rg1 Nf4 43. g3 Ne2 44. Re1 Nxg3 45. fxg3 Rxg3 46. Re2 f4 47. Rc7+ Kh8 48. Nd6 R8g6 49. Ne4 1-0

[Event "Open A"]
[Site "Cortina d'Ampezzo"]
[Date "2005.07.15"]
[Round "7.17"]
[White "Ricci, Alfredo"]
[Black "Forato, Enrico"]
[Result "1/2-1/2"]
[WhiteElo "2015"]
[BlackElo "1974"]
[Annotator "Ballarin,Gabriele"]
[PlyCount "104"]
[EventDate "2005.07.10"]
[EventType "swiss"]
[EventRounds "9"]
[EventCountry "ITA"]

1. e4 c5 2. Nf3 e6 3. d4 cxd4 4. Nxd4 Nf6 5. Bd3 d6 6. O-O Be7 7. c4 Nc6 8. Be3 O-O 9. Nc3 Bd7 10. Rc1 Rc8 11. f4 a6 12. Kh1 Rb8 13. Nf3 Qa5 14. Bg1 Rfc8 15. Qe1 Nb4 16. Qe2 Nxd3 17. Qxd3 b5 18. cxb5 Bxb5 19. Nxb5 Qxb5 20. Qxb5 axb5 21. e5 Nd5 22. Nd4 dxe5 23. fxe5 b4 {=} 24. Nc6 Ra8 25. Nxe7+ Nxe7 26. Bc5 Nd5 27. a3 bxa3 28. Bxa3 f6 29. Bd6 Ne3 30. Rfe1 Rxc1 31. Rxc1 Nc4 32. b3 Nxd6 33. exd6 Rd8 34. Rc6 Kf8 35. Kg1 Ke8 36. Rb6 Kd7 37. Kf2 e5 38. Rb7+ Kxd6 39. Rxg7 Rb8 40. Rg3 e4 41. Rc3 Kd5 42. Ke3 Ke5 43. g3 f5 44. Rc5+ Ke6 45. Kf4 Rxb3 46. Re5+ Kd6 47. Kxf5 Rf3+ 48. Kxe4 Re3+ 49. Kxe3 Kxe5 50. g4 h5 51. gxh5 Kf5 52. h4 Kf6 1/2-1/2

[Event "Open A"]
[Site "Cortina d'Ampezzo"]
[Date "2005.07.15"]
[Round "7.13"]
[White "Crippa, Gabriele"]
[Black "Satta, Vladimiro"]
[Result "0-1"]
[WhiteElo "2083"]
[BlackElo "2223"]
[PlyCount "96"]
[EventDate "2005.07.10"]
[EventType "swiss"]
[EventRounds "9"]
[EventCountry "ITA"]

1. d4 d6 2. Bg5 g6 3. e3 Bg7 4. f4 Nh6 5. Bxh6 Bxh6 6. Nf3 c5 7. dxc5 Qa5+ 8. c3 Qxc5 9. Qd4 O-O 10. Qxc5 dxc5 11. h4 Nc6 12. h5 Bg7 13. Nbd2 e5 14. Bc4 exf4 15. hxg6 hxg6 16. exf4 Na5 17. Bd5 Rd8 18. Be4 Be6 19. Ng5 Bd5 20. Bxd5 Rxd5 21. O-O-O Rad8 22. Rhe1 b6 23. Nf1 Bh6 24. Rxd5 Rxd5 25. Ne3 Rd8 26. Ng4 Bxg5 27. fxg5 Nc6 28. Nf6+ Kg7 29. c4 Nb4 30. Kb1 Nc6 31. Ne8+ Kf8 32. Nf6 Nd4 33. Kc1 Ne6 34. Re5 Kg7 35. Kc2 Nxg5 36. Nd5 Ne6 37. g4 Rh8 38. Kb3 Rh3+ 39. Ka4 Rh2 40. Ka3 Rg2 41. Re4 Rd2 42. Ne3 Rd4 43. Rxd4 cxd4 44. Nd5 Kh6 45. b4 Kg5 46. Ka4 Kxg4 47. Kb5 Kf3 48. Ka6 g5 0-1

[Event "Open A"]
[Site "Cortina d'Ampezzo"]
[Date "2005.07.15"]
[Round "7.18"]
[White "Tamburini, Lorenzo"]
[Black "Agnelli, Francesco"]
[Result "1-0"]
[WhiteElo "2055"]
[BlackElo "2055"]
[Annotator "Ballarin,Gabriele"]
[PlyCount "97"]
[EventDate "2005.07.10"]
[EventType "swiss"]
[EventRounds "9"]
[EventCountry "ITA"]

1. e4 c5 2. Nf3 Nc6 3. Bb5 e6 4. O-O Nge7 5. Re1 a6 6. Bf1 Ng6 7. d4 cxd4 8. Nxd4 Be7 9. c4 O-O 10. Be3 Qc7 11. Nc3 b6 12. Rc1 Bb7 13. Nc2 Bc5 14. a3 Nce5 15. g3 f5 16. Bxc5 Qxc5 17. b4 Qc7 18. f4 Nxc4 19. Bxc4 Qxc4 20. Qxd7 Rf7 21. Ne3 Qb3 22. Qa4 Qxa4 23. Nxa4 Bxe4 24. Nxb6 Rd8 25. Red1 Rxd1+ 26. Rxd1 h5 27. Rd6 Re7 28. Nbc4 Bb7 29. Nxf5 exf5 30. Rxg6 Re2 31. Rb6 Bd5 32. Nd6 Rg2+ 33. Kf1 g6 34. Rxa6 Rxh2 35. b5 h4 36. gxh4 Rxh4 37. b6 Rxf4+ 38. Kg1 Rg4+ 39. Kf2 Rg2+ 40. Ke3 Rb2 41. Kd4 Bg2 42. Ke5 Kg7 43. a4 Re2+ {=} 44. Kf4 Kf6 45. b7 g5+ 46. Kg3 Be4 47. Ne8+ Ke7 48. b8=Q Rg2+ 49. Kh3 1-0

[Event "Open A"]
[Site "Cortina d'Ampezzo"]
[Date "2005.07.15"]
[Round "7.11"]
[White "Popa, Claudio"]
[Black "Fontana, Enrico"]
[Result "1-0"]
[WhiteElo "2183"]
[BlackElo "2097"]
[PlyCount "105"]
[EventDate "2005.07.10"]
[EventType "swiss"]
[EventRounds "9"]
[EventCountry "ITA"]

1. e4 c5 2. c3 d5 3. exd5 Qxd5 4. d4 Nf6 5. Nf3 Bg4 6. Be2 e6 7. O-O Nc6 8. Be3 cxd4 9. cxd4 Be7 10. Nc3 Qd6 11. h3 Bh5 12. Qb3 O-O 13. a3 Rfd8 14. Rfd1 Rac8 15. Rd2 Bg6 16. Ne5 Nxe5 17. dxe5 Qxe5 18. Qxb7 Bd6 19. g3 Bc5 20. Rxd8+ Rxd8 21. Qb5 Rc8 22. Rd1 h6 23. Bxc5 Rxc5 24. Rd8+ Kh7 25. Qb8 Qxb8 26. Rxb8 Ne4 27. Nxe4 Bxe4 28. f3 Bd5 29. Bd3+ g6 30. Kf2 Kg7 31. Ke3 Rc7 32. Be4 Bxe4 33. Kxe4 Kf6 34. b3 Ke7 35. Rb4 h5 36. f4 Rd7 37. a4 f6 38. Rc4 Rb7 39. b4 Kd7 40. Kd4 Kd6 41. b5 Rb6 42. Kc3 e5 43. Kb4 exf4 44. a5 Rb7 45. gxf4 g5 46. Rc6+ Kd5 47. Rxf6 gxf4 48. Rxf4 Ke5 49. Rc4 Rh7 50. b6 axb6 51. axb6 Kd6 52. Kb5 Rf7 53. Rc6+ 1-0

[Event "Open A"]
[Site "Cortina d'Ampezzo"]
[Date "2005.07.13"]
[Round "5.14"]
[White "Papale, Carmelo"]
[Black "Scerbo, Antonio"]
[Result "0-1"]
[WhiteElo "1952"]
[BlackElo "2113"]
[PlyCount "88"]
[EventDate "2005.07.10"]
[EventType "swiss"]
[EventRounds "9"]
[EventCountry "ITA"]

1. Nf3 Nf6 2. g3 g6 3. Bg2 Bg7 4. d3 O-O 5. e4 d6 6. O-O c5 7. Nbd2 Nc6 8. Re1 Bd7 9. h3 Rb8 10. a4 a6 11. Nf1 b5 12. axb5 axb5 13. Bd2 b4 14. Qc1 Nd4 15. Nxd4 cxd4 16. Bh6 Bxh6 17. Qxh6 b3 18. cxb3 Rxb3 19. e5 dxe5 20. Rxe5 e6 21. g4 Qe7 22. Ng3 Ne8 23. Ra7 Qf6 24. Rg5 Bb5 25. Nh5 Qh8 26. Rb7 Ba4 27. Ra7 Bb5 28. Ra8 Bxd3 29. Rc5 gxh5 30. Rcc8 Qg7 31. Qxg7+ Kxg7 32. Rxe8 Rxe8 33. Rxe8 hxg4 34. hxg4 Rxb2 35. Rd8 e5 36. f4 Be2 37. fxe5 d3 38. Kf2 Bxg4+ 39. Kg3 h5 40. Rxd3 Re2 41. Rd5 Kg6 42. Bf1 Rb2 43. Bd3+ Kg5 44. e6+ f5 0-1

[Event "Open A"]
[Site "Cortina d'Ampezzo"]
[Date "2005.07.13"]
[Round "5.13"]
[White "Agnelli, Francesco"]
[Black "Ventura, Sergio"]
[Result "0-1"]
[WhiteElo "2055"]
[BlackElo "2153"]
[PlyCount "58"]
[EventDate "2005.07.10"]
[EventType "swiss"]
[EventRounds "9"]
[EventCountry "ITA"]

1. e4 d6 2. d4 Nf6 3. Nc3 c6 4. f3 Nbd7 5. Be3 Qb6 6. Rb1 g6 7. Qd2 Bg7 8. Bd3 Qc7 9. Nge2 a6 10. Nd1 b5 11. c3 Bb7 12. O-O c5 13. b3 O-O 14. Bh6 Qa5 15. Bxg7 Kxg7 16. Qb2 Rab8 17. Ng3 Qb6 18. Kh1 h5 19. Qd2 cxd4 20. cxd4 Qxd4 21. Qg5 Qxd3 22. Ne3 e6 23. Rbd1 Qc3 24. Rxd6 Qe5 25. Nef5+ exf5 26. f4 Nxe4 27. Nxh5+ Kh7 28. Qh4 Qxd6 29. Nf6+ Kg7 0-1

[Event "Open A"]
[Site "Cortina d'Ampezzo"]
[Date "2005.07.13"]
[Round "5.5"]
[White "Calzetta Ruiz, Monica"]
[Black "Vezzosi, Paolo"]
[Result "1/2-1/2"]
[WhiteElo "2282"]
[BlackElo "2380"]
[PlyCount "108"]
[EventDate "2005.07.10"]
[EventType "swiss"]
[EventRounds "9"]
[EventCountry "ITA"]

1. e4 e6 2. d4 d5 3. Nd2 c5 4. exd5 exd5 5. Ngf3 Nf6 6. Bb5+ Bd7 7. Qe2+ Be7 8. dxc5 O-O 9. Nb3 Re8 10. Be3 a6 11. Bd3 Ba4 12. O-O Bxb3 13. axb3 Bxc5 14. Qd2 Bxe3 15. fxe3 Qe7 16. Rae1 Nbd7 17. Nd4 g6 18. Qf2 Rad8 19. Kh1 Qe5 20. b4 Qd6 21. b5 a5 22. Qh4 Re7 23. Rf3 Rde8 24. Rh3 Re5 25. g4 Nf8 26. Rf1 Ne4 27. Qh6 Qe7 28. Nf3 Re6 29. Bxe4 dxe4 30. Ng5 Rf6 31. Rg1 Qe5 32. Nxh7 Rf3 33. Nxf8 Rxh3 34. Qxh3 Rxf8 35. Qf1 Qxb2 36. Qc4 Re8 37. Rf1 Re7 38. Qd5 Kg7 39. c4 Qe2 40. Qd4+ Kh7 41. Rf4 g5 42. Rf6 Qd3 43. Qa1 Qxc4 44. Qxa5 Qc1+ 45. Kg2 Rd7 46. Qb6 Qb2+ 47. Kh3 Qc3 48. Rf5 Qg7 49. Kg3 Qc3 50. Rxg5 Qe1+ 51. Kh3 Qf1+ 52. Kh4 Qf2+ 53. Kh3 Qf3+ 54. Kh4 Qf2+ 1/2-1/2

[Event "Open A"]
[Site "Cortina d'Ampezzo"]
[Date "2005.07.13"]
[Round "5.18"]
[White "Crippa, Gabriele"]
[Black "Tamburini, Lorenzo"]
[Result "1-0"]
[WhiteElo "2083"]
[BlackElo "2055"]
[PlyCount "63"]
[EventDate "2005.07.10"]
[EventType "swiss"]
[EventRounds "9"]
[EventCountry "ITA"]

1. d4 Nf6 2. Bg5 e6 3. e4 h6 4. Bxf6 Qxf6 5. Qd2 Nc6 6. e5 Qg6 7. Nc3 Bb4 8. O-O-O d6 9. f4 Bd7 10. Bd3 f5 11. Nge2 O-O-O 12. Qe3 d5 13. Rhg1 Qh5 14. h3 g5 15. g4 fxg4 16. hxg4 gxf4 17. Nxf4 Qg5 18. Nce2 Rdg8 19. a3 Be7 20. Kb1 Be8 21. Qc1 Bf7 22. c4 dxc4 23. Qxc4 Nd8 24. Be4 Bf8 25. Qa4 Kb8 26. Rg3 Qe7 27. Rb3 b6 28. Rc1 Be8 29. Qa6 Bd7 30. Rxc7 Kxc7 31. Qxa7+ Nb7 32. Qxb6+ 1-0

[Event "Open A"]
[Site "Cortina d'Ampezzo"]
[Date "2005.07.13"]
[Round "5.19"]
[White "Gardi, Giuseppe"]
[Black "Forato, Enrico"]
[Result "1/2-1/2"]
[WhiteElo "2099"]
[BlackElo "1974"]
[PlyCount "79"]
[EventDate "2005.07.10"]
[EventType "swiss"]
[EventRounds "9"]
[EventCountry "ITA"]

1. d4 Nf6 2. Nf3 g6 3. Bf4 Bg7 4. h3 O-O 5. e3 d6 6. Be2 Nbd7 7. O-O c6 8. Bh2 Qc7 9. c4 b6 10. b4 c5 11. a3 Ne4 12. Nfd2 f5 13. Nxe4 fxe4 14. Nc3 Nf6 15. Rc1 Bf5 16. g4 Be6 17. d5 Bd7 18. Qc2 cxb4 19. axb4 Rfc8 20. Qb1 a5 21. c5 bxc5 22. bxc5 Rab8 23. Qa2 Qxc5 24. Nxe4 Qxc1 25. Nxf6+ Bxf6 26. Rxc1 Rxc1+ 27. Kg2 a4 28. Qd2 Rc5 29. g5 Bg7 30. Bg4 Bxg4 31. hxg4 a3 32. Qa2 Ra5 33. e4 Rb2 34. Qc4 a2 35. Qc8+ Bf8 36. Qe6+ Kh8 37. Bxd6 exd6 38. Qf6+ Kg8 39. Qe6+ Kg7 40. Qf6+ 1/2-1/2

[Event "Open A"]
[Site "Cortina d'Ampezzo"]
[Date "2005.07.13"]
[Round "5.9"]
[White "Braghetta, Sergio"]
[Black "Boscolo, Marco"]
[Result "1-0"]
[WhiteElo "2264"]
[BlackElo "2006"]
[PlyCount "81"]
[EventDate "2005.07.10"]
[EventType "swiss"]
[EventRounds "9"]
[EventCountry "ITA"]

1. e4 e6 2. d4 d5 3. Nc3 Nf6 4. Bg5 dxe4 5. Nxe4 Be7 6. Bxf6 Bxf6 7. Nf3 Nd7 8. Bd3 O-O 9. Qe2 b6 10. O-O-O Bb7 11. h4 Rc8 12. Kb1 Be7 13. Nfg5 Bxe4 14. Qxe4 Nf6 15. Qe2 h6 16. Nf3 Qd6 17. Ne5 c5 18. dxc5 Qxc5 19. g4 Bd6 20. Nc4 Bf4 21. g5 Nd5 22. g6 Qb4 23. gxf7+ Kxf7 24. Ka1 b5 25. Rde1 Rfe8 26. Ne5+ Bxe5 27. Qxe5 a6 28. Rhg1 Qf8 29. Bg6+ Kg8 30. Bxe8 Rxe8 31. Rg6 Nf4 32. Rg4 Nd5 33. Reg1 Re7 34. a3 Qf6 35. Qb8+ Qf8 36. Qg3 Nf6 37. Rg6 Kh7 38. Qe5 Qf7 39. h5 Nd5 40. Rxh6+ Kg8 41. Rhg6 1-0

[Event "Open A"]
[Site "Cortina d'Ampezzo"]
[Date "2005.07.13"]
[Round "5.11"]
[White "Navarro, Stefano"]
[Black "Dvirnyy, Danyyil"]
[Result "1/2-1/2"]
[WhiteElo "2209"]
[BlackElo "2141"]
[Annotator "Ballarin,Gabriele"]
[PlyCount "81"]
[EventDate "2005.07.10"]
[EventType "swiss"]
[EventRounds "9"]
[EventCountry "ITA"]

1. e4 c5 2. Nf3 Nc6 3. d4 cxd4 4. Nxd4 Nf6 5. Nc3 e5 6. Ndb5 d6 7. a4 a6 8. Na3 Be6 9. Bc4 Rc8 10. Bg5 Nb4 11. Bxf6 gxf6 12. Bxe6 fxe6 13. Qh5+ Ke7 14. O-O Qe8 15. Qe2 Qc6 16. f4 exf4 17. Rxf4 Bh6 18. Rh4 Bg5 19. Rh3 Qc5+ 20. Kh1 Nc6 21. e5 Qxe5 22. Qd3 f5 23. Rd1 d5 24. Qf1 Kf7 25. Re1 Qf6 26. Qe2 Rcd8 27. Nd1 Kg7 28. c3 {=} Rhe8 29. b4 d4 30. b5 axb5 31. axb5 Na5 32. cxd4 Rxd4 33. Qc2 Re7 34. Rg3 b6 35. Nf2 Kf7 36. Rd3 Bh4 37. g3 Bg5 38. Qe2 e5 39. Nc2 Rxd3 40. Nxd3 e4 41. Ndb4 1/2-1/2

[Event "Open A"]
[Site "Cortina d'Ampezzo"]
[Date "2005.07.13"]
[Round "5.12"]
[White "Popa, Claudio"]
[Black "Melotti, Dario Valerio"]
[Result "1-0"]
[WhiteElo "2183"]
[BlackElo "2093"]
[PlyCount "57"]
[EventDate "2005.07.10"]
[EventType "swiss"]
[EventRounds "9"]
[EventCountry "ITA"]

1. e4 c5 2. c3 Nf6 3. e5 Nd5 4. d4 cxd4 5. cxd4 e6 6. Nf3 Nc6 7. Nc3 d6 8. Bd2 a6 9. Be2 Nxc3 10. Bxc3 dxe5 11. Nxe5 Nxe5 12. dxe5 Bd7 13. Bf3 Qb6 14. O-O Bb4 15. Qb3 Bc5 16. Qxb6 Bxb6 17. Bxb7 Ra7 18. Be4 O-O 19. Rfd1 a5 20. Bd4 Bxd4 21. Rxd4 g6 22. Rad1 Bb5 23. f4 Rc7 24. Kf2 Rfc8 25. Rd8+ Kg7 26. Rxc8 Rxc8 27. Ke3 Rc5 28. Rd2 h5 29. Rc2 1-0

[Event "Open A"]
[Site "Cortina d'Ampezzo"]
[Date "2005.07.13"]
[Round "5.10"]
[White "Fontana, Enrico"]
[Black "Satta, Vladimiro"]
[Result "1/2-1/2"]
[WhiteElo "2097"]
[BlackElo "2223"]
[PlyCount "77"]
[EventDate "2005.07.10"]
[EventType "swiss"]
[EventRounds "9"]
[EventCountry "ITA"]

1. e4 e6 2. d4 d5 3. Nc3 Nf6 4. Bg5 Be7 5. e5 Nfd7 6. Bxe7 Qxe7 7. f4 O-O 8. Nf3 c5 9. Bd3 f6 10. O-O Nc6 11. exf6 Nxf6 12. dxc5 Qxc5+ 13. Kh1 Bd7 14. Ne5 Be8 15. Qe1 Nb4 16. Qg3 Nxd3 17. cxd3 Qb4 18. Qh3 Qd6 19. d4 Nh5 20. Qe3 g6 21. Rae1 b5 22. Ne2 b4 23. Nc1 Bb5 24. Rf2 Nf6 25. Nb3 Ne4 26. Rc2 Ba4 27. Rec1 Rae8 28. g3 Re7 29. Nd3 Rg7 30. Ndc5 Bxb3 31. axb3 g5 32. Nxe4 dxe4 33. fxg5 e5 34. Qxe4 exd4 35. Rc6 Qd7 36. g6 Qh3 37. gxh7+ Kh8 38. Qg2 Rxg3 39. Qxg3 1/2-1/2

[Event "Open A"]
[Site "Cortina d'Ampezzo"]
[Date "2005.07.13"]
[Round "5.17"]
[White "Cardili, Mariano"]
[Black "Mercandelli, Claudio"]
[Result "1/2-1/2"]
[WhiteElo "2076"]
[BlackElo "2105"]
[PlyCount "114"]
[EventDate "2005.07.10"]
[EventType "swiss"]
[EventRounds "9"]
[EventCountry "ITA"]

1. d4 Nf6 2. c4 g6 3. Nc3 Bg7 4. e4 d6 5. Nf3 O-O 6. Be2 e5 7. O-O Nc6 8. d5 Ne7 9. Ne1 Nd7 10. Nd3 f5 11. f3 f4 12. Bd2 g5 13. Rc1 Nf6 14. c5 Ng6 15. cxd6 cxd6 16. Nb5 Qb6+ 17. Nf2 g4 18. Qe1 a5 19. Nc7 Ra7 20. Kh1 g3 21. hxg3 fxg3 22. Nd1 Nd7 23. Qxg3 Nf4 24. Qf2 Nc5 25. Nb5 Ra8 26. Be3 Bd7 27. Nxd6 Qxd6 28. Rxc5 Qh6+ 29. Kg1 Qg6 30. Bxf4 exf4 31. Rc7 Bh3 32. Kh1 Bd4 33. gxh3 Bxf2 34. Nxf2 Qf6 35. Rg1+ Kh8 36. Bd3 Qe5 37. Rxb7 Rac8 38. Ng4 Qh5 39. Kh2 Rf7 40. Rb6 Rg7 41. Rh6 Qf7 42. Rg2 Rcg8 43. e5 Qe7 44. d6 Qg5 45. Rxh7+ Rxh7 46. Bxh7 Rg7 47. Bd3 Qd8 48. Bc4 Qb6 49. b3 Qd4 50. Bb5 Qb6 51. d7 Qd8 52. e6 Qh4 53. Bc4 Rh7 54. Nf2 Rg7 55. Rxg7 Kxg7 56. Ne4 Kf8 57. Kg2 Ke7 1/2-1/2

[Event "Open A"]
[Site "Cortina d'Ampezzo"]
[Date "2005.07.13"]
[Round "5.8"]
[White "Marta, Daniele"]
[Black "Molina, Fabrizio"]
[Result "0-1"]
[WhiteElo "2024"]
[BlackElo "2268"]
[Annotator "Ballarin,Gabriele"]
[PlyCount "130"]
[EventDate "2005.07.10"]
[EventType "swiss"]
[EventRounds "9"]
[EventCountry "ITA"]

1. d4 e6 2. c4 d5 3. Nc3 c5 4. cxd5 exd5 5. Nf3 Nc6 6. g3 c4 7. Bg2 Bb4 8. O-O Nge7 9. Bf4 O-O 10. Rc1 a6 11. a3 Bxc3 12. Rxc3 b5 13. b3 {=} Na5 14. bxc4 Nxc4 15. Qb3 Bf5 16. Ne5 Rc8 17. Qb4 Be4 18. Bh3 Bf5 19. Bg2 Be6 20. a4 Nf5 21. Rd1 Qd6 22. Qxd6 Nfxd6 23. axb5 Nxb5 24. Rb3 f6 25. Nf3 Rfd8 26. h4 h6 27. h5 Bg4 28. Ra1 Bxf3 29. Bxf3 Nxd4 30. Rd3 Nxf3+ 31. Rxf3 a5 32. Ra4 Re8 33. Ra2 Kf7 34. Rb3 Ke6 35. Kg2 Re7 36. Kf3 f5 37. g4 fxg4+ 38. Kxg4 Ra8 39. Kg3 Raa7 40. Ra4 Reb7 41. Rxb7 Rxb7 42. e4 Rb4 43. exd5+ Kxd5 44. Ra1 a4 45. Kg4 a3 46. Kf5 Rb6 47. Rd1+ Kc5 48. Rc1 Kd4 49. Be3+ Nxe3+ 50. fxe3+ Kd3 51. Ra1 Rf6+ 52. Ke5 Ra6 53. e4 Ra5+ 54. Kf4 Kc2 55. e5 Kb2 56. Re1 a2 57. e6 a1=Q 58. Rxa1 Rxa1 59. Ke5 Kc3 60. e7 Re1+ 61. Kd6 Kd4 62. Kd7 Rxe7+ 63. Kxe7 Ke5 64. Kf7 Kf5 65. Kxg7 Kg5 0-1

[Event "Open A"]
[Site "Cortina d'Ampezzo"]
[Date "2005.07.13"]
[Round "4.15"]
[White "Mercandelli, Claudio"]
[Black "Papale, Carmelo"]
[Result "1/2-1/2"]
[WhiteElo "2105"]
[BlackElo "1952"]
[Annotator "Ballarin,Gabriele"]
[PlyCount "73"]
[EventDate "2005.07.10"]
[EventType "swiss"]
[EventRounds "9"]
[EventCountry "ITA"]

1. c4 e5 2. g3 Nc6 3. Bg2 g6 4. Nc3 Bg7 5. d3 Nge7 6. e4 O-O 7. Nge2 d6 8. O-O f5 9. Rb1 a5 10. a3 Be6 11. Nd5 fxe4 12. dxe4 Qd7 13. Be3 h6 14. b3 Rf7 15. Qd2 Raf8 16. Nxe7+ Nxe7 17. Qxa5 Bh3 18. Qd2 Bxg2 19. Kxg2 Qg4 20. Nc3 h5 21. Qd1 Rf3 22. h3 Qd7 23. c5 Nc6 24. Qd5+ Kh7 25. cxd6 cxd6 26. Nb5 Ne7 27. Qxd6 Qxb5 28. Qxe7 Rxe3 29. fxe3 Qe2+ 30. Kg1 Qxe3+ 31. Kh2 Rf2+ 32. Rxf2 Qxf2+ 33. Kh1 Qf3+ 34. Kh2 Qe2+ 35. Kg1 Qe3+ 36. Kh2 {=} Qf2+ 37. Kh1 1/2-1/2

[Event "Open A"]
[Site "Cortina d'Ampezzo"]
[Date "2005.07.13"]
[Round "4.11"]
[White "Lava, Giovanni"]
[Black "Agnelli, Francesco"]
[Result "1-0"]
[WhiteElo "2257"]
[BlackElo "2055"]
[PlyCount "67"]
[EventDate "2005.07.10"]
[EventType "swiss"]
[EventRounds "9"]
[EventCountry "ITA"]

1. d4 Nf6 2. Nf3 g6 3. g3 Bg7 4. Bg2 d6 5. O-O O-O 6. c4 Nc6 7. Nc3 a6 8. Re1 Rb8 9. Rb1 Na5 10. Qd3 c5 11. dxc5 Be6 12. cxd6 Bxc4 13. dxe7 Qxe7 14. Qc2 Nc6 15. a3 Rbc8 16. Bf4 h6 17. Rbd1 Rfe8 18. Bh3 Rcd8 19. Rxd8 Rxd8 20. Rd1 Rxd1+ 21. Qxd1 g5 22. Bd6 Qd8 23. Bf1 Qb6 24. b4 Ne8 25. Bc5 Qc7 26. Nd5 Bxd5 27. Qxd5 b6 28. Be3 Nf6 29. Qc4 b5 30. Qc2 Qd7 31. Bg2 Ng4 32. Bc5 Nd4 33. Nxd4 Bxd4 34. Qd3 1-0

[Event "Open A"]
[Site "Cortina d'Ampezzo"]
[Date "2005.07.13"]
[Round "4.6"]
[White "Boscolo, Marco"]
[Black "Genocchio, Daniele"]
[Result "0-1"]
[WhiteElo "2006"]
[BlackElo "2306"]
[PlyCount "167"]
[EventDate "2005.07.10"]
[EventType "swiss"]
[EventRounds "9"]
[EventCountry "ITA"]

1. d4 d6 2. Nf3 g6 3. e4 Bg7 4. Nc3 a6 5. a4 b6 6. Be3 Bb7 7. Bc4 e6 8. O-O Nd7 9. Nd2 Ngf6 10. f4 d5 11. exd5 exd5 12. Bd3 Qe7 13. Qf3 O-O 14. Bf2 Qb4 15. g4 Rae8 16. g5 Nh5 17. Qg4 f5 18. gxf6 Ndxf6 19. Qf3 Ne4 20. Ncxe4 dxe4 21. Nxe4 Nxf4 22. Nf6+ Rxf6 23. Qxb7 Nxd3 24. cxd3 c6 25. Rae1 Rxe1 26. Rxe1 Qxb2 27. Bg3 Qc3 28. Rf1 Rxf1+ 29. Kxf1 Qxd3+ 30. Kf2 Qc2+ 31. Kf3 Qf5+ 32. Ke2 Qc2+ 33. Kf3 Qf5+ 34. Ke2 Qg4+ 35. Kd3 Qd1+ 36. Ke4 Qg4+ 37. Kd3 Qd1+ 38. Ke4 Qh1+ 39. Kd3 Qb1+ 40. Ke2 Qa2+ 41. Kd3 Qb3+ 42. Kd2 c5 43. dxc5 Bc3+ 44. Ke2 Qc2+ 45. Kf3 Qd1+ 46. Kg2 Qc2+ 47. Kf3 Qd1+ 48. Kg2 bxc5 49. Qc8+ Kf7 50. Qxc5 Qe2+ 51. Bf2 Qe4+ 52. Kg1 Qg4+ 53. Kf1 Qd1+ 54. Kg2 Qg4+ 55. Kf1 Qh3+ 56. Kg1 Qd3 57. Qc7+ Kg8 58. Qc6 Kg7 59. Qe6 Bf6 60. Qb6 Qd1+ 61. Kg2 Qxa4 62. Qc7+ Kh6 63. Be3+ g5 64. Qg3 Qe4+ 65. Kf2 Kg6 66. Qb8 Qf5+ 67. Kg2 Qd5+ 68. Kf2 g4 69. Qe8+ Kg7 70. Kg1 h5 71. Bf2 h4 72. Qa4 Qe6 73. Qc2 h3 74. Qc7+ Kg6 75. Qc2+ Qf5 76. Qxf5+ Kxf5 77. Be1 Ke4 78. Ba5 Bd4+ 79. Kh1 Kd3 80. Be1 Bc3 81. Bg3 a5 82. Bd6 Bb4 83. Be5 a4 84. Ba1 0-1

[Event "Open A"]
[Site "Cortina d'Ampezzo"]
[Date "2005.07.13"]
[Round "4.16"]
[White "Estremera Panos, Sergio"]
[Black "Cardili, Mariano"]
[Result "1/2-1/2"]
[WhiteElo "2367"]
[BlackElo "2076"]
[PlyCount "80"]
[EventDate "2005.07.10"]
[EventType "swiss"]
[EventRounds "9"]
[EventCountry "ITA"]

1. d4 d5 2. Nf3 Nf6 3. c4 c6 4. Nc3 dxc4 5. a4 Bf5 6. e3 e6 7. Bxc4 Bb4 8. O-O O-O 9. Qe2 Nbd7 10. e4 Bg6 11. Bd3 Bh5 12. Rd1 e5 13. d5 cxd5 14. Nxd5 Nxd5 15. exd5 f5 16. Bb5 e4 17. Rd4 Bc5 18. Rc4 Bd6 19. Qe1 Bxf3 20. Bxd7 Bxh2+ 21. Kxh2 Qh4+ 22. Kg1 Qg4 23. Qf1 Be2 24. f3 Bxf1 25. fxg4 Bxc4 26. Be6+ Kh8 27. gxf5 Rfd8 28. Bg5 Bxd5 29. Bxd8 Bxe6 30. fxe6 Rxd8 31. Re1 g6 32. Rxe4 Re8 33. Rd4 Kg7 34. Rd7+ Kf6 35. Rxb7 Re7 36. Rb5 Rxe6 37. a5 Re5 38. Rb7 Rxa5 39. Rxh7 Rb5 40. Rxa7 Rxb2 1/2-1/2

[Event "Open A"]
[Site "Cortina d'Ampezzo"]
[Date "2005.07.13"]
[Round "4.9"]
[White "Guido, Flavio"]
[Black "Navarro, Stefano"]
[Result "1-0"]
[WhiteElo "2305"]
[BlackElo "2209"]
[PlyCount "77"]
[EventDate "2005.07.10"]
[EventType "swiss"]
[EventRounds "9"]
[EventCountry "ITA"]

1. e4 e5 2. Nf3 Nc6 3. Bc4 Bc5 4. c3 Qe7 5. d4 exd4 6. O-O Ne5 7. Nxe5 Qxe5 8. b4 Bb6 9. Bb2 dxc3 10. Bxc3 Qg5 11. Nd2 Ne7 12. Nf3 Qh6 13. Ne5 O-O 14. Qb3 d5 15. exd5 Nf5 16. Rad1 Nd6 17. Bd3 f6 18. Nc4 Bg4 19. Rd2 Qg5 20. Kh1 Kh8 21. a4 Nxc4 22. Bxc4 a5 23. d6 cxd6 24. bxa5 Bc5 25. Qxb7 Rac8 26. Qd5 Qf4 27. h3 Bf5 28. Bd3 Bxd3 29. Rxd3 Qxa4 30. Ra1 Qb5 31. h4 Qe8 32. h5 Bxf2 33. h6 Rc5 34. hxg7+ Kxg7 35. Qb7+ Rf7 36. Qf3 Bh4 37. a6 Re7 38. a7 Rh5 39. Kg1 1-0